<tr>d class="category_name">PRODUCER TAGS>tr>
<tr>
<tr>d class="category_name">STARTS WITH A COLOR>tr>
<tr>
</tr>
<tr>
<tr>
<td>
</tr>
<tr>
Staten Island>r /> >able width="100%">>d class="right">Josh>tr> | >td>
</tr>
able>
|
<tr>
<td>
</tr>
<tr>
DNA>r /> >able width="100%">>d class="right">Josh>tr> | >td>
</tr>
able>
|
<tr>
<td>
</tr>
<tr>
(Ken: You just ran that category, very nice.) [Applause] >r />m class="correct_response">Andrew Johnson>r /> >able width="100%">>d class="right">Adriana>tr> | >td>
</tr>
able>
|
<tr>
<td>
</tr>
<tr>
>m class="correct_response">a cardinal>r /> >able width="100%">>d class="right">Amy>tr> | >td>
</tr>
able>
|
<tr>
<td>
</tr>
<tr>
>m class="correct_response">Ariana Grande>r /> >able width="100%">>d class="right">Josh>tr> | >td>
</tr>
able>
|
<tr>
<td>
</tr>
<tr>
>m class="correct_response">brownies>r /> >able width="100%">>d class="right">Adriana>tr> | >td>
</tr>
able>
|
</tr>
<tr>
<tr>
<td>
</tr>
<tr>
(Josh: What is St. John?) >r />m class="correct_response">St. John's>r /> >able width="100%">>d class="right">Adriana>d class="wrong">Josh>tr> | >td>
</tr>
able>
|
<tr>
<td>
</tr>
<tr>
>m class="correct_response">Tesla>r /> >able width="100%">>d class="right">Josh>tr> | >td>
</tr>
able>
|
<tr>
<td>
</tr>
<tr>
>m class="correct_response">>J'Accuse...!>r /> >able width="100%">>d class="right">Adriana>tr> | >td>
</tr>
able>
|
<tr>
<td>
</tr>
<tr>
>m class="correct_response">student loan debt>r /> >able width="100%">>d class="right">Josh>tr> | >td>
</tr>
able>
|
<tr>
<td>
</tr>
<tr>
>(Amy: What is "Thursday"?) (Josh: What is "Friday"?) >r />"Tuesday">r /> >able width="100%">>d class="wrong">Amy>d class="wrong">Josh>tr> | >able>>d class="wrong">Triple Stumper>tr> | >td>
</tr>
able>
|
<tr>
<td>
</tr>
<tr>
a whiteout>r /> >able width="100%">>d class="right">Adriana>tr> | >td>
</tr>
able>
|
</tr>
<tr>
<tr>
<td>
</tr>
<tr>
Griffith Park>r /> >able width="100%">>d class="right">Josh>tr> | >td>
</tr>
able>
|
<tr>
<td>
</tr>
<tr>
Marconi>r /> >able width="100%">>d class="right">Adriana>tr> | >td>
</tr>
able>
|
<tr>
<td>
</tr>
<tr>
the Joint Chiefs of Staff>r /> >able width="100%">>d class="right">Adriana>tr> | >td>
</tr>
able>
|
<tr>
<td>
</tr>
<tr>
Jesse Owens>r /> >able width="100%">>d class="right">Josh>tr> | >td>
</tr>
able>
|
<tr>
<td>
</tr>
<tr>
DJ Khaled>r /> >able width="100%">>d class="right">Josh>tr> | >td>
</tr>
able>
|
<tr>
<td>
</tr>
<tr>
a redwood>r /> >able width="100%">>d class="right">Amy>tr> | >td>
</tr>
able>
|
</tr>
<tr>
<tr>
<td>
</tr>
<tr>
Boot Hill>r />r />able>>d class="wrong">Triple Stumper>tr> | >td>
</tr>
able>
|
<tr>
<td>
</tr>
<tr>
[Adriana did not include the leading article in her response.] >r />m class="correct_response">>The Periodic Table>r /> >able width="100%">>d class="right">Adriana>tr> | >td>
</tr>
able>
|
<tr>
<td>
</tr>
<tr>
Jericho>r /> >able width="100%">>d class="right">Adriana>tr> | >td>
</tr>
able>
|
<tr>
<td>
</tr>
<tr>
Tim Scott>r /> >able width="100%">>d class="right">Josh>tr> | >td>
</tr>
able>
|
<tr>
<td>
</tr>
<tr>
Metro Boomin>r />r />able>>d class="wrong">Triple Stumper>tr> | >td>
</tr>
able>
|
<tr>
<td>
</tr>
<tr>
blueprints>r /> >able width="100%">>d class="right">Adriana>tr> | >td>
</tr>
able>
|
</tr>
<tr>
<tr>
<td>
</tr>
<tr>
Nob Hill>r /> >able width="100%">>d class="right">Josh>tr> | >td>
</tr>
able>
|
<tr>
<td>
</tr>
<tr>
(Adriana: What is >Mentalist?) >r />m class="correct_response">>The Alienist>r /> >able width="100%">r>Adriana | >tr> | >td>
</tr>
able>
|
<tr>
<td>
</tr>
<tr>
jingoism>r /> >able width="100%">>d class="right">Adriana>tr> | >td>
</tr>
able>
|
<tr>
<td>
</tr>
<tr>
a Buffalo Soldier>r />r />able>>d class="wrong">Triple Stumper>tr> | >td>
</tr>
able>
|
<tr>
<td>
</tr>
<tr>
Maybach>r />r />able>>d class="wrong">Triple Stumper>tr> | >td>
</tr>
able>
|
<tr>
<td>
</tr>
<tr>
yellow-bellied>r /> >able width="100%">>d class="right">Josh>tr> | >td>
</tr>
able>
|
</tr>
able>
>Sc
ores at the end of the Double Jeopardy! Round:
>Adriana |
>Amy |
>Josh |
>$14,400 |
>$6,200 |
>$12,200 |
> href="wageringcalculator.php?a=14400&b=12200&c=6200&player_a=Adriana&player_b=Josh&player_c=Amy">[wagering suggestions for these scores]
>Final Jeopardy! Round responses
>HISTORIC PEOPLE |
</tr>
<tr>
<tr>
<td class="clue_text">(Ken: [To Josh] I'm afraid it's a little early for Captain Cook.) >... (Ken: [To Adriana] Cebu City is in the Philippines.)>d class="wrong">AmyWho is Attila the Hun? | >tr>r>$2,500 | >tr>r>>Josh | Who is Cook? | >tr>r>$2,201 | >tr>>d class="right">Adriana>Who is Cook Magellan? | >tr>r>$11,000 | >tr>table>Magellan>td>
</tr>
able>
able>
>Final scores:
>Adriana |
>Amy |
>Josh |
>$25,400 |
>$3,700 |
>$9,999 |
>Game dynamics:
>Adriana |
>Amy |
>Josh |
$16,400 |
>$6,200 |
$14,600 |
Game tape date: 2024-04-09
The J! Archive is created by fans, for fans. Scraping, republication, monetization, and malicious use prohibited; this site may use cookies and collect identifying information. See terms. The Jeopardy! game show and all elements thereof, including but not limited to copyright and trademark thereto, are the property of Jeopardy Productions, Inc. and are protected under law. This website is not affiliated with, sponsored by, or operated by Jeopardy Productions, Inc. Join the discussion at JBoard.tv.
| |